000 00349pab a2200133 454500
008 180718b xxu||||| |||| 00| 0 eng d
100 _aChopra, S.K
245 _aThe Gosplan is dead - Long live our Planning Commission
650 _a Gosplan
650 _a Eight Plan
650 _aEconomic Development
773 _aFinancial Express
909 _a21691
999 _c21691
_d21691